| 000 | 00682nam a22001577a 4500 | ||
|---|---|---|---|
| 008 | 170309b xxu||||| |||| 00| 0 eng d | ||
| 082 |
_22016 _aUT 0700 _bP36 |
||
| 100 |
_919202 _aPeligrino, Eugene Mae S. |
||
| 245 |
_aExtent of Printed Mesia Exposure and The Level of reading Comprehension among Grade 11 Students of University of Mindanao Digos College. _cEugene Mae S. Peligrino, Romarth jhon M. Añola and Claire Ann M. Pedroso. |
||
| 300 |
_a60 pages; _b29 cm. |
||
| 650 | 0 |
_919203 _aEducation _vEnglish _xUndergraduate Thesis. |
|
| 700 |
_919204 _aPeligrino, Eugene Mae S. |
||
| 700 |
_919205 _aAñola, Romarth John M. |
||
| 700 |
_919206 _aPedroso, Claire Ann M. |
||
| 942 |
_2ddc _cUT |
||
| 999 |
_c6376 _d6376 |
||